| 000 | 00695nam a2200241Ia 4500 | ||
|---|---|---|---|
| 008 | 180523s9999 xx 000 0 und d | ||
| 020 | _a805373403 | ||
| 050 | _aMAIN QP 44 | ||
| 050 | _b.M37 2006 c.2 | ||
| 100 | _aMarieb, Elaine N. | ||
| 245 | 0 | _aEssentials of human anatomy & physiology laboratory manual / | |
| 245 | 0 | _cElaine N. Marieb. | |
| 250 | _a2nd Edition | ||
| 260 | _aSingapore : | ||
| 260 | _bPearson Education South Asia Pte Ltd. | ||
| 260 | _c2006 | ||
| 300 | _a395 pages : | ||
| 300 | _billustrations ; | ||
| 300 | _c26 cm. | ||
| 500 | _aIncludes index. | ||
| 650 | _aHuman physiology -- Laboratory manuals. | ||
| 650 | _xHuman anatamoy -- Laboratory manuals. | ||
| 999 |
_c357587 _d357587 |
||